000
00200 a2200097 4500
001
9133
100
_a
Bartlett, J.
245
_a
Familiar Quotations
260
_a
_b
Routledge
_c
090
_c
7310
_d
7310
942
_a
NUST-CAE
_c
M
_c
33946
999
_c
244206
_d
244206